000 00644nam a22002177a 4500
003 UA-OsUOA
001 64228
007 ta
008 20091103b un ||||| |||| 00| 0 ukr d
100 _aСюндюков І.
090 _a94
_bС98
942 _cSA
040 _aUA-OsUOA
_bukr
_cUA-OsUOA
_dUA-OsUOA
245 _a"Найрозумніший німецький державний діяч їз часів Бісмарка"/Про Конрада Аденауера
300 _aС.7
955 _a0
041 _aukr
080 _a94
773 0 _w64227
650 7 _a9 Географія. Біографії. Історія
_2UDC
999 _c350269
_d350269